000 00448nam a2200169 4500
001 132343
003 ES-MaACL
005 20260601155228.0
007 t|
008 070214s1926 sp r ||||1| spa d
100 1 _aRolland, Romain,
_d1866-1944
_9239240
245 1 0 _aAu dessus de la mélée /
_cRomain Rolland.
260 _aParis :
_bLagny Grevin,
_c1926.
300 _a254 p. ;
_c19 cm.
852 _aES-MaACL
_jB-6070
999 _c132343
_d132343